000 00741nam a2200229 a 4500
001 26291
003 CO-ViMGA
008 141112s2004 ck r 000 u spa d
020 _a9789583016882
040 _aCO-ViMGA
_bspa
_cCO-ViMGA
082 0 4 _aI709.32 M54n
100 1 _aMorley, Jacqueline
_9681
245 1 0 _aNo te gustaría ser un constructor de pirámides! /
_cJacqueline Morley ; ilustrado por David Antram ; creado y diseñado por David Salariya
250 _a1a. ed.
260 _aBogotá :
_bPanaméricana editorial,
300 _a32 p. : il. ; 25 cm
490 _aNo te gustaría ser
500 _aIncluye glosario
650 1 4 _aPiramides
_9682
700 1 _aAntram, David, 1958 - , ilustrador il.
_9680
942 _2ddc
_cBK
999 _c37275
_d37275